000 00597nam a2200229Ia 4500
003 OSt
005 20221006164905.0
006 a|||||r|||| 00| 0
007 ta
008 221006b |||||||| |||| 00| 0 eng d
024 _a611
037 _cTextual
040 _aFML
_cFML
_beng
041 _2eng
_aeng
082 _aN44z7, N2
100 _aDwivedi P. S. Au.
_9678599
245 0 _aEssays On Indian Art And Culture
260 _aVaranasi
_bKala Prakashan
_c1992
300 _a278
_ccm.
942 _hN44z7, N2
_cTEXL
_2CC
999 _c1118834
_d1118834